Jürgen Habermas /
Colección de cuatro volúmenes de ensayos dedicados al estudio y evaluación del trabajo del filósofo alemán Jürgen Habermas, uno de los principales teóricos de la Escuela de Frankfurt. La acción comunicativa; el debate de la modernidad y posmodernidad; la esfera pública; las leyes y la teoría democrá...
Guardat en:
| Autor principal: | |
|---|---|
| Altres autors: | |
| Format: | Llibre |
| Idioma: | anglès |
| Publicat: |
Londres, Inglaterra :
Sage,
2002, c2002
|
| Col·lecció: | (Sage Masters of Modern Social Thought)
|
| Matèries: | |
| Etiquetes: |
Sense etiquetes, Sigues el primer a etiquetar aquest registre!
|
MARC
| LEADER | 00000nam^a2200000^a^4500 | ||
|---|---|---|---|
| 001 | 000139572 | ||
| 005 | 20250521000000.0 | ||
| 009 | 20260310095508.357 | ||
| 020 | |a 0-7619-7446-6 | ||
| 037 | |a Acervo ITESO - Biblioteca | ||
| 041 | |a ING | ||
| 082 | |a 300. 1 |b SAG HAB | ||
| 100 | |a Rasmussen, David M. |e (ed.) | ||
| 240 | 1 | 1 | |a [Sage Masters of Modern Social Thought] |
| 245 | 1 | 0 | |a Jürgen Habermas / |c Ed. e introd. de D.M. Rasmussen, J. Swindal. |
| 264 | 4 | |a Londres, Inglaterra : |b Sage, |c 2002, c2002 | |
| 300 | |a 4 v. | ||
| 336 | |a texto |b txt |2 rdacontenido | ||
| 337 | |a sin mediación |b n |2 rdamedio | ||
| 338 | |a volumen |b nc |2 rdasoporte | ||
| 440 | 1 | |a (Sage Masters of Modern Social Thought) | |
| 520 | |a Colección de cuatro volúmenes de ensayos dedicados al estudio y evaluación del trabajo del filósofo alemán Jürgen Habermas, uno de los principales teóricos de la Escuela de Frankfurt. La acción comunicativa; el debate de la modernidad y posmodernidad; la esfera pública; las leyes y la teoría democrática; el discurso ético; el razonamiento práctico o la racionalidad comunicativa son algunos de los elementos integrantes del complejo pensamiento de Habermas. La presente obra pertenece a la colección Maestros del pensamiento social moderno, compuesta por 36 volúmenes referidos a nueve científicos sociales, cada uno de los cuales cubre cuatro volúmenes. Mijaíl Batjín, Jean Baudrillard, Zygmunt Bauman, Pierre Bourdieu, Jacques Derrida, Erving Goffman, Richard Rorty y Edward M. Said son los restantes ocho pensadores incluidos. | ||
| 649 | |a XX | ||
| 650 | |a Filósofos Alemanes | ||
| 650 | |a Sociólogos Alemanes | ||
| 650 | |a Hermenéutica | ||
| 650 | |a Etica | ||
| 650 | |a Epistemología | ||
| 650 | |a Interacción Comunicativa | ||
| 650 | |a Vida Pública | ||
| 650 | |a Democracia | ||
| 650 | |a Feminismo | ||
| 650 | |a Sociología del Derecho | ||
| 650 | |a Sociología de la Comunicación | ||
| 650 | |a Sociología de la Cultura | ||
| 650 | |a Modernidad y Posmodernidad | ||
| 650 | |a Teoría Crítica | ||
| 650 | |a Escuela de Frankfurt | ||
| 650 | |a Marxismo | ||
| 650 | |a Filosofía del Siglo XX | ||
| 650 | |a Ciencias Sociales - |x Teoría | ||
| 650 | |a Habermas, Jürgen | ||
| 700 | |a Swindal, James |e (edición) | ||
| 910 | |a Fondo General | ||
| 920 | |a Impresos - Libros | ||
| 930 | |a Colección General | ||
| 905 | |a 101 | ||
| 901 | |a 0500067855 |b IT1 |c ACC |u 20250521 | ||
| 901 | |a 0500067852 |b IT1 |c ACC |u 20250521 | ||
| 901 | |a 0500067849 |b IT1 |c ACC |u 20250521 | ||
| 901 | |a 0500067859 |b IT1 |c ACC |u 20250521 | ||
| 902 | |a https://opac.biblio.iteso.mx/vufind/Record/000139572 | ||